Hodnotenie výkonnosti vybraného podniku v súčasných podmienkach diplomová práca

Saved in:
Bibliographic Details
Main Author: Nagyová, Zita
Corporate Author: Fakulta podnikového manažmentu EU. Katedra podnikových financií
Other Authors: Tóthová, Alena, 1968-
Format: Book
Language:Slovak
Published: Bratislava 2015
Tags: Add Tag
No Tags, Be the first to tag this record!

MARC

LEADER 00000nbm a2200000 4500
001 0202829
005 20161212101414.9
041 0 |a slo 
044 |a SK 
245 1 0 |a Hodnotenie výkonnosti vybraného podniku v súčasných podmienkach  |b diplomová práca  |c Zita Nagyová ; školiteľ: Alena Tóthová 
264 1 |a Bratislava  |c 2015 
300 |a 107 s. 
100 1 |a Nagyová, Zita 
700 1 |a Tóthová, Alena, 1968- 
710 2 |a Fakulta podnikového manažmentu EU. Katedra podnikových financií